Word Scramble - Asian Megacities - Statistics

General Stats
  • This quiz has been taken 87 times
  • The average score is 18 of 23
Answer Stats
Country Answer % Correct
Japan Tokyo
95%
China Beijing
92%
India Delhi
92%
Japan Osaka
92%
South Korea Seoul
92%
China Shanghai
92%
India Mumbai
89%
Thailand Bangkok
84%
Indonesia Jakarta
84%
Bangladesh Dhaka
81%
Philippines Manila
78%
Turkey Istanbul
76%
India Bangalore
73%
China Guangzhou
73%
India Kolkata
73%
China Xiamen
73%
Iran Tehran
70%
India Chennai
68%
Pakistan Lahore
68%
Japan Nagoya
68%
India Hyderabad
65%
Pakistan Karachi
62%
China Tianjin
59%
No matching quizzes found
Score Distribution
Percent of People with Each Score
Percentile by Number Answered
Your Score History
You have not taken this quiz